INNOVATION THE NASA HARNESSING THE POWER (Record no. 32665)

MARC details
000 -LEADER
fixed length control field 00339nam a2200133Ia 4500
008 - FIXED-LENGTH DATA ELEMENTS--GENERAL INFORMATION
fixed length control field 240624s9999 xx 000 0 und d
041 ## - LANGUAGE CODE
Language code of text/sound track or separate title eng
082 ## - DEWEY DECIMAL CLASSIFICATION NUMBER
Classification number 658.4063 PYL
100 ## - MAIN ENTRY--PERSONAL NAME
Personal name PYLE ROD
245 ## - TITLE STATEMENT
Title INNOVATION THE NASA HARNESSING THE POWER
260 ## - PUBLICATION, DISTRIBUTION, ETC.
Date of publication, distribution, etc. 2014
Place of publication, distribution, etc. New York
Name of publisher, distributor, etc. McGraw-Hill
300 ## - PHYSICAL DESCRIPTION
Extent 278 p. : 23 ; cm.
365 ## - TRADE PRICE
Currency code
Price amount 33
Holdings
Withdrawn status Lost status Damaged status Not for loan Home library Current library Shelving location Date acquired Full call number Barcode Date last seen Copy number Price effective from Koha item type
        IMTN IMTN Rack 31-B 01/07/2022 658.4063 PYL 32665 06/24/2024 78.2 06/24/2024 Books
Designed & Maintained by: LRC IMT Nagpur Contact: lrc@imtnag.ac.in© 2024. All Rights Reserved.